000 00229nam a22001097a 4500
082 _a621.47 RAP
100 _aRAPP,DONALD
_974786
245 _aSOLAR ENERGY
260 _aUSA
_bPRENTICE HALL
_c1981
300 _a516P
942 _cBK
999 _c580286
_d580286